Faculty of Law Library — Cairo University

Official Online Catalog

Ausstellung Der Faschistischen Revolution : (Record no. 70211)

MARC details
000 -LEADER
fixed length control field 01082nam a2200313 i 4500
003 - CONTROL NUMBER IDENTIFIER
control field EG-GICUC
005 - DATE AND TIME OF LATEST TRANSACTION
control field 20260412131639.0
008 - FIXED-LENGTH DATA ELEMENTS--GENERAL INFORMATION
fixed length control field 260412s1933 ru o|||| |||| 00| 0 rum d
040 ## - CATALOGING SOURCE
Original cataloging agency EG-GiCUC
Language of cataloging eng
Transcribing agency EG-GiCUC
Modifying agency EG-GiCUC
Description conventions rda
041 ## - LANGUAGE CODE
Language code of text/sound track or separate title eng
Language code of original rum
082 04 - DEWEY DECIMAL CLASSIFICATION NUMBER
Edition number 21
Classification number 341.71
Item number NA.A
092 04 - LOCALLY ASSIGNED DEWEY CALL NUMBER (OCLC)
Edition number 21
099 ## - LOCAL FREE-TEXT CALL NUMBER (OCLC)
Classification number Law1 11 341.71 NA.A 1933
110 ## - MAIN ENTRY--CORPORATE NAME
Form subheading Nationale Faschistische Partei
Relator term Author.
245 ## - TITLE STATEMENT
Title Ausstellung Der Faschistischen Revolution :
Remainder of title Erste Zehnjahrfeier Des Marsches Auf Rom /
Statement of responsibility, etc. Nationale Faschistische Partei .
264 ## - PRODUCTION, PUBLICATION, DISTRIBUTION, MANUFACTURE, AND COPYRIGHT NOTICE
Place of production, publication, distribution, manufacture Italy :
Name of producer, publisher, distributor, manufacturer Nationale Faschistische Partei ,
Date of production, publication, distribution, manufacture, or copyright notice 1933 .
300 ## - PHYSICAL DESCRIPTION
Extent 258 pages :
Other physical details illustrations, Photographs ,
Dimensions 24 cm
336 ## - CONTENT TYPE
Source rda content
Content type term text
337 ## - MEDIA TYPE
Source rda media
Media type term Computer
338 ## - CARRIER TYPE
Source rda carrier
Carrier type term Online Resource
500 ## - GENERAL NOTE
General note Includes illustrations, Photographs .
546 ## - LANGUAGE NOTE
Language note Text in Italian
650 1# - SUBJECT ADDED ENTRY--TOPICAL TERM
Topical term or geographic name entry element Diritto internazionale
650 1# - SUBJECT ADDED ENTRY--TOPICAL TERM
Topical term or geographic name entry element Politica internazionale
651 1# - SUBJECT ADDED ENTRY--GEOGRAPHIC NAME
Source of heading or term qrmak
856 40 - ELECTRONIC LOCATION AND ACCESS
Uniform Resource Identifier <a href="https://fll.law.cu.edu.eg/fulltext/bks/B11-08430.pdf">https://fll.law.cu.edu.eg/fulltext/bks/B11-08430.pdf</a>
905 ## - Cataloger and Reviser Names
Cataloger Name: Hager Sameh
942 ## - ADDED ENTRY ELEMENTS (KOHA)
Source of classification or shelving scheme Dewey Decimal Classification
Koha item type Books
Edition 21
Suppress in OPAC No
Holdings
Withdrawn status Lost status Source of classification or shelving scheme Damaged status Not for loan Collection Home library Current library Date acquired Total checkouts Full call number Barcode Date last seen Copy number Price effective from Koha item type
    Dewey Decimal Classification   Not for loan القانون الدولي العام جــــامعة القــاهرة مكتبة كلية الحقوق - المبنى الرئيسي 12.04.2026   Law1 11 341.71 NA.A 1933 1108430 C1 B11-08430 12.04.2026 1 12.04.2026 Books

© All rights reserved — Faculty of Law, Cairo University

Implemented and Customized by: Eng. M. Mohamady